Dhavanyaloka (Record no. 1376756)

MARC details
000 -LEADER
fixed length control field 00588nam a2200253Ia 4500
008 - FIXED-LENGTH DATA ELEMENTS--GENERAL INFORMATION
fixed length control field 160525s9999||||xx |||||||||||||| ||und||
040 ## - CATALOGING SOURCE
Transcribing agency English
082 ## - DEWEY DECIMAL CLASSIFICATION NUMBER
Classification number VII. A/Krishnamoorthy
082 ## - DEWEY DECIMAL CLASSIFICATION NUMBER
Item number BORI-15769
100 ## - MAIN ENTRY--PERSONAL NAME
Personal name K. Krishnamoorthy
245 ## - TITLE STATEMENT
Title Dhavanyaloka
300 ## - PHYSICAL DESCRIPTION
Extent 184
300 ## - PHYSICAL DESCRIPTION
Dimensions B
300 ## - PHYSICAL DESCRIPTION
Accompanying material Hardbound
530 ## - ADDITIONAL PHYSICAL FORM AVAILABLE NOTE
Uniform Resource Identifier <a href="00015769.pdf">00015769.pdf</a>
563 ## - BINDING INFORMATION
Binding note Study
600 ## - SUBJECT ADDED ENTRY--PERSONAL NAME
Personal name K. Krishnamoorthy
630 ## - SUBJECT ADDED ENTRY--UNIFORM TITLE
Uniform title Dhavanyaloka
650 ## - SUBJECT ADDED ENTRY--TOPICAL TERM
Topical term or geographic name as entry element Classical Lit
650 ## - SUBJECT ADDED ENTRY--TOPICAL TERM
Topical term or geographic name as entry element Sanskrit Poetry
700 ## - ADDED ENTRY--PERSONAL NAME
Personal name K. Krishnamoorthy
730 ## - ADDED ENTRY--UNIFORM TITLE
Uniform title Dhavanyaloka
942 ## - ADDED ENTRY ELEMENTS (KOHA)
Koha item type Book
Holdings
Withdrawn status Lost status Damaged status Not for loan Home library Current library Date acquired Total Checkouts Full call number Barcode Date last seen Price effective from Koha item type
        Bhandarkar Oriental Research Institute, Pune Bhandarkar Oriental Research Institute, Pune 04/18/1957   BORI-15769 BORI-15769 05/25/2016 05/25/2016 Book